000
00288nam a22001457a 4500
008
220202b ||||| |||| 00| 0 eng d
020
_a
78546464
041
_a
alb
080
_a
712
082
_a
712
100
_a
64
101
_a
psi
245
_a
yter etret ert
942
_2
udc
_c
BK
999
_c
58319
_d
58319